000 00744cam a2200265 4500
008 090401t1999 xxu||||| |||| 00| 0 eng d
020 _a1854319787
035 _a(Sirsi) u99856
041 _aENG
050 _a346.4104342
100 _aBridge, Stuart
240 _aBlackstones landlord & tenant series
245 _aAssured tenancies.
260 _bBlackstone Press
_c1999
300 _axxi, 265p. 22cm.
350 _a24.95
650 _aASSURED TENANCIES
650 _aASSURED SHORTHOLD TENANCIES
650 _aPROPERTY LAW
650 _aRENT ASSESSMENT
650 _aHOUSING ACT 1988
690 _aPROPERTY-RESIDENTIAL PROPERTY-RESIDENTIAL LANDLORD AND TENANT-RESIDENTIAL TENANCIES
942 _n0
948 _c21/04/1999
999 _c99495
_d99495